[Event "Cochabamba GP op 4th"]
[Site "Cochabamba"]
[Date "2023.09.09"]
[Round "6"]
[White "Escalera Medina, Iker Andre"]
[Black "Montevilla, Jhonny"]
[Result "1-0"]
[WhiteElo "1018"]
[BlackElo "1139"]
[PlyCount "125"]
[EventDate "2023.09.07"]
[EventType "swiss"]
[EventRounds "7"]
[EventCountry "BOL"]
[SourceTitle "EXT 2024"]
[Source "ChessBase"]
[SourceDate "2023.10.10"]
[SourceVersion "1"]
[SourceVersionDate "2023.10.10"]
[SourceQuality "1"]

1. e4 c5 2. Nf3 Nc6 3. c3 g6 4. d4 cxd4 5. cxd4 e6 6. Nc3 Bg7 7. Be3 a6 8. Bc4 b5 9. Bb3 Nf6 10. d5 Na5 11. e5 Nxb3 12. axb3 0-0 13. exf6 Bxf6 14. Bh6 Bg7 15. Bxg7 Kxg7 16. Nxb5 Qb6 17. Qd4+ Qxd4 18. Nbxd4 Bb7 19. dxe6 fxe6 20. 0-0 h6 21. Rad1 Bd5 22. Ra1 Kf6 23. b4 g5 24. Rfe1 h5 25. Ne5 Rfd8 26. b5 a5 27. Nef3 h4 28. Ra3 Rdc8 29. h3 a4 30. Rea1 e5 31. Ne2 Rc2 32. Nc3 Bxf3 33. gxf3 Rxb2 34. Rxa4 Rxa4 35. Rxa4 Rb3 36. Nd5+ Ke6 37. Rb4 Rxb4 38. Nxb4 Kd6 39. Nd3 Kc7 40. Nxe5 d5 41. Kf1 Kb6 42. Nf7 Kxb5 43. Nxg5 Kc4 44. Ke2 d4 45. Kd2 d3 46. f4 Kd4 47. f3 Kc4 48. f5 Kd5 49. Kxd3 Kd6 50. Kd4 Ke7 51. Ke5 Kf8 52. Kf6 Kg8 53. Ne4 Kf8 54. f4 Kg8 55. Ke7 Kg7 56. f6+ Kg6 57. f7 Kf5 58. f8Q+ Kxe4 59. Ke6 Kf3 60. Qh6 Kg3 61. f5 Kxh3 62. Qxh4+ Kxh4 63. f6 1-0